| 000 | 02208nab a2200301 a 4500 | ||
|---|---|---|---|
| 005 | 20230602114004.0 | ||
| 008 | 991125c2019 mx zr p o 000 0 spa d | ||
| 035 | _aUPN01000228957 | ||
| 040 |
_aMX-MxUPN _bspa _cMX-MxUPN _eaacr2 |
||
| 049 | _aART-E | ||
| 100 | 1 |
_aHurtado Soler, Amparo _6- amparo.hurtado@uv.es |
|
| 100 | 1 | _aTalavera Ortega, Marta | |
| 100 | 1 | _aRoca Pérez, Luis | |
| 245 | 1 | 0 |
_aEducación para la paz y la igualdad en la formación del profesorado _h[recurso electrónico en línea] |
| 506 | 0 | _aAcceso abierto | |
| 520 | 3 | _aSe presenta un proyecto de cooperación educativa desarrollado en la Universidad de Valencia (España), dirigido a la formación del profesorado, cuyo objetivo es promover la educación para la paz y la igualdad, a través de experiencias contextualizadas en la Huerta de Valencia. Mediante la creación de una red de intercambio de conocimientos y vivencias con mujeres e inmigrantes, se crean actividades solidarias vinculadas a la formación curricular y a la transferencia del conocimiento, en las que se favorezca la adquisición de competencias docentes centradas en la atención a las cuestiones sociales o de convivencia. Por otra parte, se analiza el papel transformador de la educación superior como pilar fundamental en la construcción de una cultura de paz. Los resultados muestran que este tipo de acciones promueven la participación activa del alumnado, incrementando su compromiso social y la adquisición de conocimientos, a través de la integración curricular de la metodología de aprendizaje-servicio y la educación no formal. | |
| 650 | 4 |
_95002 _aIgualdad de oportunidades en educación |
|
| 650 | 4 |
_9386 _aInnovaciones educativas |
|
| 650 | 7 |
_946877 _aSustentabilidad |
|
| 653 | 0 | _aAprendizaje-servicio | |
| 653 | 0 | _aEducación para la paz | |
| 653 | 0 | _aFormación docente | |
| 773 |
_gVol. 19, no. 79 (2019), p. 123-144 _tInnovación educativa (México) _x2594-0392 |
||
| 856 | 4 | 0 | _uhttps://www.ipn.mx/assets/files/innovacion/docs/Innovacion-Educativa-79/Educacion-para-la-paz-y-la-igualdad-en-la-formacion-del-profesorado.pdf |
| 902 |
_aGloria Jiménez _bGloria Jiménez/020623 |
||
| 905 | _aArticulo | ||
| 942 | _cART-E | ||
| 999 |
_c201052 _d201052 |
||